[Event "OLNN 2324 Schachfreunde HH - SK Doppelba"]
[Site "?"]
[Date "2023.11.19"]
[Round "2.7"]
[White "Luckow, Rolf"]
[Black "Gremmel, Jonas Simon"]
[Result "1/2-1/2"]
[WhiteElo "2186"]
[BlackElo "2068"]
[PlyCount "106"]
[EventDate "2023.??.??"]

1. d4 d5 2. Nf3 Nf6 3. g3 c6 4. Bg2 Bf5 5. O-O e6 6. Nbd2 Nbd7 7. c4 Bd6 8. Nh4 Bg4 9. Re1 Qc7 10. Qc2 g5 11. Nhf3 Bf5 12. Qc3 h6 13. c5 Be7 14. b4 a5 15. a3 O-O 16. Bb2 Ne4 17. Nxe4 Bxe4 18. Nd2 Bxg2 19. Kxg2 f5 20. f3 Nf6 21. Qd3 Qd7 22. Bc3 axb4 23. axb4 Kg7 24. Ra5 Rxa5 25. bxa5 Ra8 26. Rb1 Bd8 27. Nb3 Bc7 28. Ra1 Ra6 29. Nc1 Qe8 30. Qb1 Ra7 31. Nd3 Kg6 32. Ra2 Qa8 33. Qa1 Nd7 34. Ra3 Kh7 35. Qb2 Kg6 36. Qa2 Kh7 37. Kf2 Kg6 38. Nb4 Rxa5 39. Rxa5 Qxa5 40. Qxa5 Bxa5 41. Nxd5 cxd5 42. Bxa5 e5 43. e3 g4 44. Bc7 exd4 45. exd4 Nf8 46. f4 Ne6 47. Be5 Kf7 48. Ke3 Ke7 49. Kd3 Kd7 50. Kc3 Kc6 51. Kb4 b6 52. cxb6 Kxb6 53. Bf6 h5 {(=)} 1/2-1/2

[Event "OLNN 2324 Schachfreunde HH - SK Doppelba"]
[Site "?"]
[Date "2023.11.19"]
[Round "2.8"]
[White "Mix, Clemens"]
[Black "Petri, Alexander"]
[Result "1/2-1/2"]
[WhiteElo "2048"]
[BlackElo "2151"]
[PlyCount "63"]
[EventDate "2023.??.??"]

1. d4 d5 2. c4 c6 3. Nf3 Nf6 4. Nc3 a6 5. c5 b5 6. cxb6 Qxb6 7. Bf4 Nh5 8. Bd2 Nf6 9. e3 Bf5 10. Nh4 Bg4 11. Qc2 e6 12. Bd3 Nbd7 13. Rc1 Rc8 14. O-O Be7 15. Nf3 O-O 16. Ne5 Bf5 17. Bxf5 exf5 18. Qxf5 Nxe5 19. dxe5 Ne4 20. Nxd5 cxd5 21. Rxc8 Nxd2 22. Rd1 g6 23. Rxf8+ Bxf8 24. Qc2 Nc4 25. b3 Nxe5 26. Rxd5 Qc6 27. Qxc6 Nxc6 28. Kf1 Bb4 29. Ke2 Kf8 30. f3 Ke7 31. e4 Ke6 32. Rd1 1/2-1/2

[Event "OLNN 2324 Preetzer TSV - Hamburger SK II"]
[Site "?"]
[Date "2023.12.03"]
[Round "3.1"]
[White "Hommer, Jeremy"]
[Black "Fries-Nielsen, Jens Ove"]
[Result "1/2-1/2"]
[WhiteElo "2305"]
[BlackElo "2379"]
[PlyCount "68"]
[EventDate "2023.??.??"]

1. e4 d6 2. d4 a6 3. Nc3 b5 4. a3 Bb7 5. g3 Nd7 6. Bg2 Ngf6 7. Nge2 c5 8. d5 g6 9. O-O Bg7 10. Bf4 O-O 11. Rb1 Nb6 12. b3 Re8 13. Qd3 b4 14. axb4 cxb4 15. Na4 Nxa4 16. bxa4 a5 17. Qd2 Ba6 18. Rfc1 Nd7 19. Nd4 Nc5 20. c3 Nd3 21. Nc6 Nxc1 22. Qxc1 Qc7 23. cxb4 axb4 24. Rxb4 e6 25. h4 Bb7 26. Bf1 exd5 27. exd5 Ba6 28. Bg2 h5 29. a5 Re2 30. Bf1 Ra2 31. Bxa6 Rxa6 32. Rb1 R6xa5 33. Nxa5 Qxc1+ 34. Rxc1 Rxa5 1/2-1/2

[Event "OLNN 2324 Preetzer TSV - Hamburger SK II"]
[Site "?"]
[Date "2023.12.03"]
[Round "3.2"]
[White "Vinter-Schou, Uffe"]
[Black "Bracker, Arne"]
[Result "1/2-1/2"]
[WhiteElo "2347"]
[BlackElo "2301"]
[PlyCount "103"]
[EventDate "2023.??.??"]

1. Nf3 Nf6 2. g3 d5 3. Bg2 e6 4. O-O Be7 5. b3 O-O 6. Bb2 b6 7. c4 Bb7 8. e3 c5 9. Qe2 Qc8 10. d3 Rd8 11. Nbd2 Nc6 12. a3 a5 13. a4 d4 14. e4 e5 15. Nh4 g6 16. h3 Ne8 17. Ndf3 Ng7 18. Bc1 Qc7 19. Bh6 f6 20. Nh2 Rf8 21. f4 exf4 22. gxf4 Rae8 23. Qf2 Nb4 24. Rad1 f5 25. e5 Bxh4 26. Qxh4 Bxg2 27. Kxg2 Nc2 28. Nf3 Ne3+ 29. Kf2 Rf7 30. Rde1 Nxf1 31. Rxf1 Ne6 32. Rg1 Qe7 33. Qg3 Kh8 34. Ng5 Nxg5 35. Bxg5 Qb7 36. h4 Re6 37. h5 Qc6 38. Bh4 Kg7 39. Qg5 Qd7 40. h6+ Kf8 41. Re1 Ke8 42. Re2 Qc7 43. Qg2 Qc6 44. Qd5 Rd7 45. Qxc6 Rxc6 46. Bg5 Kf7 47. Ke1 Ke6 48. Kd1 Rc8 49. Kc2 Ra8 50. Kb2 Rc8 51. Re1 Ra8 52. Re2 1/2-1/2

[Event "OLNN 2324 Preetzer TSV - Hamburger SK II"]
[Site "?"]
[Date "2023.12.03"]
[Round "3.3"]
[White "Gaede, Derek"]
[Black "Moeller, Dustin"]
[Result "1/2-1/2"]
[WhiteElo "2280"]
[BlackElo "2190"]
[PlyCount "86"]
[EventDate "2023.??.??"]

1. d4 Nf6 2. c4 e6 3. Nc3 d5 4. cxd5 exd5 5. Bg5 c6 6. e3 h6 7. Bh4 Be7 8. Bd3 O-O 9. Nge2 Re8 10. O-O Nbd7 11. Qc2 a5 12. Rfe1 b5 13. Rac1 Ba6 14. a4 b4 15. Nb1 Bxd3 16. Qxd3 Qb6 17. Bxf6 Bxf6 18. Nd2 c5 19. Nf4 Qd6 20. dxc5 Nxc5 21. Qb5 Be7 22. Red1 Reb8 23. Qe2 Nxa4 24. Nc4 dxc4 25. Rxd6 Bxd6 26. Rxc4 Nb6 27. Rc6 Bxf4 28. exf4 Re8 29. Qf1 Na4 30. Rc2 b3 31. Rd2 Rac8 32. Qd1 Rc2 33. Rd8 Rxd8 34. Qxd8+ Kh7 35. Qd3+ Kg8 36. g3 Rxb2 37. Qc4 Nb6 38. Qb5 a4 39. Qxb6 a3 40. Qd8+ Kh7 41. Qd3+ Kg8 42. Qd8+ Kh7 43. Qd3+ Kg8 1/2-1/2

[Event "OLNN 2324 Preetzer TSV - Hamburger SK II"]
[Site "?"]
[Date "2023.12.03"]
[Round "3.4"]
[White "Schwarz, Frank"]
[Black "Holinka, Henning"]
[Result "1/2-1/2"]
[WhiteElo "2204"]
[BlackElo "2189"]
[PlyCount "87"]
[EventDate "2023.??.??"]

1. e4 c5 2. Nc3 d6 3. d4 cxd4 4. Qxd4 Nc6 5. Qd2 Nf6 6. b3 e6 7. Bb2 d5 8. O-O-O d4 9. Nb5 Nxe4 10. Qf4 f5 11. Nc7+ Kf7 12. Bc4 Nd6 13. Nxa8 b5 14. Nf3 bxc4 15. Bxd4 Qa5 16. Ne5+ Nxe5 17. Qxe5 Qxa2 18. Bb2 Ne4 19. bxc4 Qxc4 20. Rd8 Nf6 21. Rhd1 Qc6 22. f3 Bb7 23. Nc7 Rg8 24. Nb5 Nd5 25. Nd4 Qb6 26. Rb8 Be7 27. Rxg8 Bg5+ 28. Rd2 Kxg8 29. Qxe6+ Qxe6 30. Nxe6 Bxd2+ 31. Kxd2 g6 32. c4 Ne7 33. Ba3 Nc6 34. Kc3 Bc8 35. Nd4 Nxd4 36. Kxd4 Kf7 37. Ke5 g5 38. Kd6 f4 39. g3 fxg3 40. hxg3 Bb7 41. Bc1 Kf6 42. f4 gxf4 43. Bxf4 Kf5 44. Be3 1/2-1/2

[Event "OLNN 2324 Preetzer TSV - Hamburger SK II"]
[Site "?"]
[Date "2023.12.03"]
[Round "3.5"]
[White "Avdic, Faris"]
[Black "Skaanning-Pedersen, Kim Henrik"]
[Result "1-0"]
[WhiteElo "2197"]
[BlackElo "2254"]
[PlyCount "95"]
[EventDate "2023.??.??"]

1. d4 g6 2. c4 Bg7 3. e4 Nc6 4. Be3 d6 5. Nc3 e5 6. d5 Nce7 7. g4 f5 8. gxf5 gxf5 9. Bg5 Nf6 10. Bd3 f4 11. Bxf6 Bxf6 12. Qh5+ Kf8 13. Nf3 Rg8 14. Rg1 Rxg1+ 15. Nxg1 Kg7 16. Nf3 Bd7 17. O-O-O Qe8 18. Qxe8 Rxe8 19. Nb5 Bxb5 20. cxb5 Rg8 21. Kd2 Nc8 22. Rc1 Bd8 23. Bf1 Kf8 24. Bh3 Ne7 25. a4 Rg7 26. Ke2 Ng6 27. Ne1 Nh4 28. f3 h5 29. Bc8 b6 30. Kf2 Ng6 31. Nd3 Bh4+ 32. Kf1 Bd8 33. Bh3 Ke8 34. Nb4 Ne7 35. Kf2 Kf8 36. Be6 Ke8 37. Rg1 Rxg1 38. Kxg1 Kf8 39. Kf2 Kg7 40. Ke2 Kf6 41. Kd3 Kg5 42. Bf7 Kh4 43. Kc4 Kg5 44. a5 h4 45. Be6 Kf6 46. Nc6 Nxc6 47. bxc6 bxa5 48. h3 1-0

[Event "OLNN 2324 Preetzer TSV - Hamburger SK II"]
[Site "?"]
[Date "2023.12.03"]
[Round "3.6"]
[White "Reinecker, Kai"]
[Black "Hinrichs, Lars"]
[Result "1/2-1/2"]
[WhiteElo "2217"]
[BlackElo "2239"]
[PlyCount "84"]
[EventDate "2023.??.??"]

1. e4 e6 2. d4 d5 3. Nd2 Be7 4. Ngf3 Nf6 5. Bd3 c5 6. dxc5 dxe4 7. Bxe4 Bxc5 8. O-O O-O 9. Qe2 Qc7 10. Bd3 Nbd7 11. Ne4 b6 12. Bg5 Bb7 13. Rad1 Nd5 14. Bb5 h6 15. Bxd7 Qxd7 16. c4 hxg5 17. Nfxg5 f6 18. Nxc5 bxc5 19. Nxe6 Rfe8 20. cxd5 Bxd5 21. Qd2 Rxe6 22. Qxd5 Qxd5 23. Rxd5 Rb8 24. Rd2 c4 25. Rc2 Reb6 26. Rxc4 Rxb2 27. Ra4 R8b7 28. g3 Rc2 29. h4 Kh7 30. a3 Ra2 31. Kg2 Rb3 32. Rxa7 Rbxa3 33. Rxa3 Rxa3 34. Rb1 f5 35. Rb5 g6 36. h5 Kh6 37. hxg6 Kxg6 38. Rb6+ Kf7 39. f4 Ra1 40. Kh3 Rh1+ 41. Kg2 Ra1 42. Rb2 Kg6 1/2-1/2

[Event "OLNN 2324 Preetzer TSV - Hamburger SK II"]
[Site "?"]
[Date "2023.12.03"]
[Round "3.7"]
[White "Schumacher, Norbert"]
[Black "Light, Bjarne"]
[Result "0-1"]
[WhiteElo "2125"]
[BlackElo "2202"]
[PlyCount "96"]
[EventDate "2023.??.??"]

1. d4 Nf6 2. c4 e6 3. Nf3 d5 4. Bg5 Bb4+ 5. Nbd2 dxc4 6. Qa4+ Nc6 7. e3 Bd7 8. Qc2 b5 9. Be2 Be7 10. a3 Nd5 11. Bxe7 Qxe7 12. O-O e5 13. dxe5 Nxe5 14. Rfd1 c6 15. Nxe5 Qxe5 16. Nf3 Qe7 17. Rd4 O-O 18. Rad1 Be6 19. Rh4 g6 20. e4 Nf6 21. Qc1 Rfd8 22. Nd4 Nd7 23. g3 Rac8 24. Qh6 Nf8 25. Qe3 a6 26. Re1 Qc5 27. e5 Re8 28. Bf1 Rcd8 29. Bg2 Bd5 30. Bh3 Qe7 31. Bg2 Bxg2 32. Kxg2 c5 33. Nf3 Rd3 34. Qe2 Qb7 35. Re4 Ne6 36. Kg1 Red8 37. h4 Qd5 38. h5 Rd1 39. Kg2 Rxe1 40. Qxe1 Qd1 41. hxg6 hxg6 42. Qa5 Qd5 43. Qe1 b4 44. Kh2 c3 45. bxc3 b3 46. c4 Qd1 47. Qxd1 Rxd1 48. Re2 Ra1 0-1

[Event "OLNN 2324 Preetzer TSV - Hamburger SK II"]
[Site "?"]
[Date "2023.12.03"]
[Round "3.8"]
[White "Willsch, Matthias"]
[Black "Hubert, Charlotte"]
[Result "1-0"]
[WhiteElo "2114"]
[BlackElo "1809"]
[PlyCount "81"]
[EventDate "2023.??.??"]

1. d4 Nf6 2. Nf3 d5 3. g3 e6 4. Bg2 Be7 5. O-O O-O 6. c4 c6 7. Qc2 Nbd7 8. Rd1 b6 9. b3 Bb7 10. Nc3 Rc8 11. e4 c5 12. Bb2 cxd4 13. Rxd4 e5 14. Rxd5 Bxd5 15. exd5 Bc5 16. Bh3 Re8 17. Nb5 e4 18. Ng5 h6 19. Bxd7 Qxd7 20. Bxf6 gxf6 21. Nxe4 Qf5 22. Nbc3 Re5 23. Kg2 Rce8 24. f3 h5 25. h4 Qg6 26. Ne2 Be3 27. Qd3 Bh6 28. Nd4 f5 29. Ng5 Bxg5 30. hxg5 f6 31. d6 fxg5 32. Nc6 Re2+ 33. Kf1 Qe6 34. Qd5 Kf8 35. Qxe6 R2xe6 36. Rd1 a6 37. b4 Rc8 38. b5 axb5 39. cxb5 Rxc6 40. bxc6 Ke8 41. d7+ 1-0

[Event "OLNN 2324 SC Königsspringer HH - SK Nor"]
[Site "?"]
[Date "2023.12.03"]
[Round "3.1"]
[White "Ostrovskiy, Andrey"]
[Black "Weber, Max"]
[Result "1-0"]
[WhiteElo "2416"]
[BlackElo "2320"]
[PlyCount "59"]
[EventDate "2023.??.??"]

1. e4 c5 2. Nf3 e6 3. d4 cxd4 4. Nxd4 Nc6 5. Nc3 Qc7 6. f4 a6 7. Nxc6 bxc6 8. Bd3 d5 9. Qe2 Nf6 10. O-O Be7 11. Bd2 c5 12. b3 Bb7 13. exd5 exd5 14. Rae1 c4 15. Bf5 g6 16. Bh3 d4 17. f5 dxc3 18. Bxc3 g5 19. Qxe7+ Qxe7 20. Bxf6 Qxe1 21. Rxe1+ Kd7 22. Re7+ Kd6 23. Rxb7 Rhg8 24. Bg4 cxb3 25. Rxb3 Rac8 26. Rd3+ Kc5 27. Be7+ Kb5 28. Rb3+ Ka5 29. c3 Rc4 30. Bh5 1-0

[Event "OLNN 2324 SC Königsspringer HH - SK Nor"]
[Site "?"]
[Date "2023.12.03"]
[Round "3.2"]
[White "Zimmermann, Julian"]
[Black "Kopylov, Michael"]
[Result "1-0"]
[WhiteElo "2269"]
[BlackElo "2360"]
[PlyCount "35"]
[EventDate "2023.??.??"]

1. e4 c5 2. Nf3 e6 3. b3 Nc6 4. Bb2 d6 5. d4 cxd4 6. Nxd4 Nxd4 7. Qxd4 Nf6 8. Nc3 Be7 9. O-O-O O-O 10. e5 dxe5 11. Qxe5 Bd7 12. Ne4 Rc8 13. Bb5 Rc7 14. Rd3 a6 15. Bxd7 Rxd7 16. Rg3 Kh8 17. Rxg7 Rd5 18. Nxf6 1-0

[Event "OLNN 2324 SC Königsspringer HH - SK Nor"]
[Site "?"]
[Date "2023.12.03"]
[Round "3.3"]
[White "Meyer, Falko"]
[Black "Schmidt, Jan-Peter"]
[Result "1-0"]
[WhiteElo "2217"]
[BlackElo "2276"]
[PlyCount "81"]
[EventDate "2023.??.??"]

1. d4 Nf6 2. Nc3 d5 3. Bg5 h6 4. Bxf6 exf6 5. e3 c6 6. Bd3 f5 7. Nf3 Bd6 8. Qd2 Be6 9. Ne2 Nd7 10. c3 Nf6 11. g3 Ne4 12. Qc2 g5 13. Nd2 Qf6 14. f3 Nxd2 15. Kxd2 O-O-O 16. Rae1 Rde8 17. Rhf1 Kb8 18. e4 fxe4 19. fxe4 Qg7 20. e5 Be7 21. Bf5 g4 22. Kd1 Bg5 23. Nf4 h5 24. Re2 h4 25. Ref2 hxg3 26. hxg3 Rh6 27. Nxe6 fxe6 28. Bd3 Be7 29. Rf7 Qg5 30. Qd2 Qxd2+ 31. Kxd2 Rh2+ 32. Be2 Bg5+ 33. Kd1 Re7 34. Rxe7 Bxe7 35. Rf7 Bg5 36. Rg7 Bh6 37. Rxg4 Kc7 38. Rg6 Kd7 39. Bg4 Rd2+ 40. Ke1 Be3 41. Rg7+ 1-0

[Event "OLNN 2324 SC Königsspringer HH - SK Nor"]
[Site "?"]
[Date "2023.12.03"]
[Round "3.4"]
[White "Borgmeyer, Max"]
[Black "Hovhannisyan, Artur"]
[Result "1/2-1/2"]
[WhiteElo "2213"]
[BlackElo "2217"]
[PlyCount "113"]
[EventDate "2023.??.??"]

1. e4 c5 2. Nf3 Nc6 3. d4 cxd4 4. Nxd4 Qb6 5. Nb3 Nf6 6. Nc3 e6 7. Bd3 a6 8. O-O Be7 9. a4 O-O 10. a5 Qc7 11. Be3 d6 12. h3 Bd7 13. Na4 Be8 14. Nb6 Rb8 15. f4 Nb4 16. f5 e5 17. c4 Bc6 18. Nd5 Bxd5 19. exd5 Nxd3 20. Qxd3 Rbc8 21. Nd2 Nd7 22. Qe2 Rfe8 23. b4 e4 24. Rac1 Bf6 25. Rf4 Be5 26. Rxe4 Nf6 27. Rh4 Nxd5 28. Qh5 Nxe3 29. Qxh7+ Kf8 30. Re4 Bh2+ 31. Kh1 Rxe4 32. Nxe4 Be5 33. f6 gxf6 34. Qh6+ Kg8 35. Qxe3 d5 36. Nd2 Bf4 37. Qe2 Bxd2 38. Qxd2 dxc4 39. Qc3 Qf4 40. Kg1 Rc6 41. Rf1 Qe5 42. Rc1 Kg7 43. Rc2 Kg6 44. Rc1 Qg5 45. Re1 Qf4 46. Rf1 Qe5 47. Rc1 Qxc3 48. Rxc3 Kf5 49. Kf2 Ke4 50. Ke2 f5 51. Kd2 f4 52. Rc1 Kd4 53. Rf1 c3+ 54. Kc2 Ke3 55. Rf3+ Ke4 56. Rf2 Ke3 57. Rf3+ 1/2-1/2

[Event "OLNN 2324 SC Königsspringer HH - SK Nor"]
[Site "?"]
[Date "2023.12.03"]
[Round "3.5"]
[White "Zierke, Oliver"]
[Black "Skibbe, Willi"]
[Result "0-1"]
[WhiteElo "2200"]
[BlackElo "2178"]
[PlyCount "112"]
[EventDate "2023.??.??"]

1. d4 d5 2. c4 e6 3. Nc3 Nf6 4. Bg5 Be7 5. e3 Nbd7 6. Nf3 h6 7. Bh4 O-O 8. Qc2 a6 9. cxd5 exd5 10. Bd3 c5 11. dxc5 Nxc5 12. O-O Nxd3 13. Qxd3 Be6 14. Rfd1 Qb6 15. Rd2 Rfd8 16. Rad1 g5 17. Bg3 Ne4 18. Nxe4 dxe4 19. Qxe4 Rxd2 20. Rxd2 Qb4 21. Rd4 Qxb2 22. h4 Rc8 23. Bd6 Bd8 24. hxg5 hxg5 25. Be5 Qc1+ 26. Kh2 Qc6 27. Qd3 Qe8 28. a3 f6 29. Bd6 Qh5+ 30. Kg3 f5 31. Be5 Be7 32. Bd6 Bf6 33. Be5 Be7 34. Bd6 Bf6 35. Be5 Bxe5+ 36. Nxe5 f4+ 37. exf4 gxf4+ 38. Rxf4 Qxe5 39. Qg6+ Qg7 40. Rf6 Qxg6+ 41. Rxg6+ Kf7 42. Rh6 Bd5 43. f3 Rc3 44. a4 Bc6 45. Kf4 Rc4+ 46. Kg5 Rc5+ 47. Kg4 Ra5 48. g3 Rxa4+ 49. f4 Ra5 50. Kh4 Rf5 51. Kg4 Rf6 52. Rh5 b5 53. f5 Bd7 54. Rh7+ Ke8 55. Kf4 Rxf5+ 56. Ke4 Rg5 0-1

[Event "OLNN 2324 SC Königsspringer HH - SK Nor"]
[Site "?"]
[Date "2023.12.03"]
[Round "3.6"]
[White "Lampe, Joerg"]
[Black "Michna, Christian"]
[Result "0-1"]
[WhiteElo "2105"]
[BlackElo "2182"]
[PlyCount "48"]
[EventDate "2023.??.??"]

1. e4 e6 2. d4 d5 3. Nd2 Nc6 4. Ngf3 Nf6 5. e5 Nd7 6. Nb3 a5 7. a4 Be7 8. Bb5 Na7 9. Bd3 b6 10. c3 c5 11. Be2 Nc6 12. Bf4 Ba6 13. O-O O-O 14. Bxa6 Rxa6 15. Qe2 Ra7 16. Nbd2 cxd4 17. Nxd4 Nxd4 18. cxd4 Rc7 19. Rac1 Qb8 20. Rxc7 Qxc7 21. Nb3 Rc8 22. Rc1 Qb7 23. Qb5 Rxc1+ 24. Nxc1 Nb8 0-1

[Event "OLNN 2324 SC Königsspringer HH - SK Nor"]
[Site "?"]
[Date "2023.12.03"]
[Round "3.7"]
[White "Parvanyan, Alfred"]
[Black "Langmann, Markus"]
[Result "1-0"]
[WhiteElo "2143"]
[BlackElo "2062"]
[PlyCount "84"]
[EventDate "2023.??.??"]

1. Nf3 d5 2. g3 Nf6 3. Bg2 Nbd7 4. d4 e6 5. O-O Be7 6. c4 dxc4 7. Qa4 O-O 8. Qxc4 c5 9. dxc5 Bxc5 10. Nc3 Qe7 11. Na4 Bd6 12. Rd1 Nb6 13. Nxb6 axb6 14. Bg5 Ra5 15. Qh4 Rd8 16. Nd2 Rb5 17. Rac1 Be5 18. Nc4 h6 19. Nxe5 hxg5 20. Rxd8+ Qxd8 21. Qxg5 Bd7 22. Bxb7 Be8 23. Bc6 Rxb2 24. Bxe8 Qxe8 25. Nc4 Rb5 26. Qe3 Nd5 27. Qa3 Rc5 28. Nd6 Qc6 29. Rxc5 bxc5 30. Nc4 g6 31. Qb3 Kg7 32. a4 Nb4 33. a5 Qd5 34. Qc3+ Kg8 35. Ne3 Qd6 36. h4 Kh7 37. Qf6 Qc7 38. Ng4 Nd5 39. Qa1 c4 40. e4 Nb4 41. Nf6+ Kh6 42. Qc1+ Kg7 1-0

[Event "OLNN 2324 SC Königsspringer HH - SK Nor"]
[Site "?"]
[Date "2023.12.03"]
[Round "3.8"]
[White "Raider, Eugen"]
[Black "Bohnsack, Ralf"]
[Result "0-1"]
[WhiteElo "2048"]
[BlackElo "2163"]
[PlyCount "68"]
[EventDate "2023.??.??"]

1. e4 c5 2. b4 cxb4 3. a3 d5 4. exd5 Qxd5 5. Nf3 e5 6. c4 Qd8 7. Bb2 Nf6 8. Be2 Nc6 9. Nxe5 bxa3 10. Nxa3 Bd6 11. Nf3 O-O 12. O-O a6 13. d4 Bf5 14. Nc2 Re8 15. Ne3 Bg6 16. Re1 Rc8 17. g3 Bb4 18. Rf1 Ne4 19. Qb3 a5 20. Rfd1 Bh5 21. g4 Bg6 22. Bf1 h5 23. Ne5 Nxe5 24. dxe5 Qh4 25. Bd4 Nxf2 26. Ng2 Nh3+ 27. Kh1 Be4 28. Qe3 Qxg4 29. Re1 Bxe1 30. Rxe1 Rxc4 31. Ba1 Rc2 32. Qg3 Bc6 33. Be2 Rxe2 34. Rxe2 Qxe2 0-1

[Event "OLNN 2324 SK Doppelbauer Turm Kiel III -"]
[Site "?"]
[Date "2023.12.03"]
[Round "3.1"]
[White "De Jong, Migchiel"]
[Black "Beeck, Mats"]
[Result "0-1"]
[WhiteElo "2301"]
[BlackElo "2228"]
[PlyCount "36"]
[EventDate "2023.??.??"]

1. Nf3 d5 2. c4 e6 3. g3 dxc4 4. Bg2 a6 5. a4 Nf6 6. Qc2 Bd6 7. Qxc4 c5 8. Nc3 b5 9. Qh4 b4 10. Ne4 Nxe4 11. Qxe4 Ra7 12. O-O Bb7 13. Qc2 Nc6 14. b3 Qa8 15. Bb2 Nd4 16. Bxd4 cxd4 17. Qc4 e5 18. Ng5 Bxg2 0-1

[Event "OLNN 2324 SK Doppelbauer Turm Kiel III -"]
[Site "?"]
[Date "2023.12.03"]
[Round "3.2"]
[White "Hebbinghaus, Holger"]
[Black "Hilwerda, Jonas"]
[Result "1-0"]
[WhiteElo "2151"]
[BlackElo "2251"]
[PlyCount "73"]
[EventDate "2023.??.??"]

1. e4 c5 2. Nf3 Nc6 3. Bb5 g6 4. O-O Bg7 5. Re1 e5 6. Bxc6 dxc6 7. d3 Qe7 8. a3 a5 9. Nbd2 Nf6 10. Nc4 Nd7 11. Bd2 a4 12. b4 cxb4 13. Bxb4 c5 14. Bc3 b5 15. Ne3 Bb7 16. Rb1 Bc6 17. Nd5 Qd6 18. Ba1 O-O 19. c4 Bxd5 20. exd5 b4 21. Ng5 b3 22. Qg4 Rae8 23. Qh3 h6 24. Ne4 Qc7 25. Nc3 Nb6 26. Qe3 Rc8 27. Qg3 Rfe8 28. Re2 Kh7 29. Rd1 Qd7 30. Ne4 f5 31. Nd2 e4 32. Bxg7 Qxg7 33. dxe4 fxe4 34. Nxe4 Nxc4 35. Ng5+ hxg5 36. Qh3+ Qh6 37. Re7+ 1-0

[Event "OLNN 2324 SK Doppelbauer Turm Kiel III -"]
[Site "?"]
[Date "2023.12.03"]
[Round "3.3"]
[White "Reichmann, Hendrik"]
[Black "Callsen, Niklas"]
[Result "1-0"]
[WhiteElo "2302"]
[BlackElo "2175"]
[PlyCount "75"]
[EventDate "2023.??.??"]

1. e4 c5 2. Nf3 d6 3. Bc4 Nf6 4. d3 Nc6 5. c3 e6 6. Bb3 Be7 7. O-O O-O 8. Nbd2 d5 9. e5 Nd7 10. Re1 f6 11. exf6 Bxf6 12. Nf1 Nde5 13. Nxe5 Bxe5 14. Ng3 Bd7 15. Qg4 Kh8 16. Be3 Bd6 17. Bc2 e5 18. Qh5 Be8 19. Qh3 Bg6 20. Qe6 Be7 21. Rad1 Bf7 22. Qg4 Bg6 23. Bb3 Qd6 24. h4 Rad8 25. h5 Bf7 26. Nf5 Qf6 27. Nxe7 Qxe7 28. Bg5 Qd7 29. Qh4 Rde8 30. h6 Be6 31. Ba4 Rf5 32. g4 Rff8 33. Bxc6 bxc6 34. Rxe5 Bxg4 35. hxg7+ Kxg7 36. Rde1 Rxe5 37. Rxe5 Kg8 38. Bh6 1-0

[Event "OLNN 2324 SK Doppelbauer Turm Kiel III -"]
[Site "?"]
[Date "2023.12.03"]
[Round "3.4"]
[White "Ghadimi, Mohammed Reza"]
[Black "Wolf, Christoph"]
[Result "1/2-1/2"]
[WhiteElo "2125"]
[BlackElo "2174"]
[PlyCount "71"]
[EventDate "2023.??.??"]

1. d4 d5 2. Bf4 Nf6 3. e3 c5 4. c3 Nc6 5. Nf3 Qb6 6. Qb3 c4 7. Qc2 Bf5 8. Qc1 e6 9. Nh4 Bg6 10. Nxg6 hxg6 11. h3 Qd8 12. b3 cxb3 13. axb3 Bd6 14. Bxd6 Qxd6 15. Bb5 O-O 16. O-O a6 17. Be2 e5 18. Nd2 Rac8 19. dxe5 Nxe5 20. Rd1 Qc5 21. c4 dxc4 22. Bxc4 Qb4 23. Qa3 Qxa3 24. Rxa3 Rfd8 25. Raa1 g5 26. Be2 Rc2 27. Nc4 Re8 28. Bf3 Nxf3+ 29. gxf3 Rc3 30. Rab1 Re6 31. Rd8+ Re8 32. Rbd1 Rxd8 33. Rxd8+ Kh7 34. Nd2 Rc1+ 35. Nf1 Rb1 36. Rd3 1/2-1/2

[Event "OLNN 2324 SK Doppelbauer Turm Kiel III -"]
[Site "?"]
[Date "2023.12.03"]
[Round "3.5"]
[White "Leisner, Hannes"]
[Black "Budzyn, Matthias"]
[Result "1-0"]
[WhiteElo "2154"]
[BlackElo "2078"]
[PlyCount "67"]
[EventDate "2023.??.??"]

1. c4 e5 2. e3 Nf6 3. Nc3 Nc6 4. Nf3 d5 5. cxd5 Nxd5 6. Bb5 Nxc3 7. bxc3 Bd6 8. d4 exd4 9. cxd4 O-O 10. O-O Bg4 11. h3 Bh5 12. Rb1 Bg6 13. Bd3 b6 14. Bxg6 hxg6 15. e4 Re8 16. Re1 Bb4 17. Re3 Bf8 18. Bb2 Na5 19. Qc2 c5 20. d5 b5 21. Nd2 Be7 22. Rf3 Bd6 23. Re1 Be5 24. Bxe5 Rxe5 25. Qxc5 Rc8 26. Qxa7 Rc2 27. Rxf7 Rh5 28. Rxg7+ Kh8 29. Rxg6 Qc7 30. Qa8+ Qc8 31. Qxa5 Qe8 32. Qb6 Kh7 33. Re6 Qg8 34. Re7+ 1-0

[Event "OLNN 2324 SK Doppelbauer Turm Kiel III -"]
[Site "?"]
[Date "2023.12.03"]
[Round "3.6"]
[White "Boehm, Thomas"]
[Black "Schulz, Karsten"]
[Result "1/2-1/2"]
[WhiteElo "2163"]
[BlackElo "2279"]
[PlyCount "54"]
[EventDate "2023.??.??"]

1. d4 d6 2. Nf3 g6 3. e4 Bg7 4. Bc4 Nf6 5. Qe2 Nc6 6. O-O Bg4 7. Rd1 e5 8. c3 O-O 9. h3 Bxf3 10. Qxf3 Nd7 11. d5 Ne7 12. Qe2 f5 13. Bd3 Nf6 14. c4 fxe4 15. Bxe4 Nxe4 16. Qxe4 Nf5 17. Nc3 Nd4 18. Be3 c5 19. Qd3 Bf6 20. Rab1 Bg5 21. Ne4 Bxe3 22. fxe3 Nf5 23. Rf1 Qe7 24. Rf3 Nh4 25. Rxf8+ Rxf8 26. Rf1 Rf5 27. Qe2 Rxf1+ 1/2-1/2

[Event "OLNN 2324 SK Doppelbauer Turm Kiel III -"]
[Site "?"]
[Date "2023.12.03"]
[Round "3.7"]
[White "Fischer, Torsten"]
[Black "Wanner, Lukas"]
[Result "0-1"]
[WhiteElo "2016"]
[BlackElo "2105"]
[PlyCount "60"]
[EventDate "2023.??.??"]

1. e4 e5 2. Nc3 Nc6 3. f4 exf4 4. Nf3 g5 5. h3 Bg7 6. d4 h6 7. Bc4 Nge7 8. a3 d6 9. O-O Ng6 10. b4 h5 11. b5 Na5 12. Ba2 g4 13. Nh2 gxh3 14. Bxf4 O-O 15. Be3 Qh4 16. Qd2 Be6 17. Bf2 Qf4 18. Be3 Qg3 19. Rf2 Bxa2 20. Ne2 Qh4 21. Qxa5 Qxe4 22. Rxa2 Qxe3 23. c3 b6 24. Qb4 hxg2 25. Nf3 Rae8 26. Kxg2 Re4 27. Qc4 Rg4+ 28. Kf1 Re8 29. Ne5 Nxe5 30. dxe5 Rxc4 0-1

[Event "OLNN 2324 SK Doppelbauer Turm Kiel III -"]
[Site "?"]
[Date "2023.12.03"]
[Round "3.8"]
[White "Rieper, Julian"]
[Black "Helms, Sven"]
[Result "1-0"]
[WhiteElo "2078"]
[BlackElo "1903"]
[PlyCount "69"]
[EventDate "2023.??.??"]

1. e4 e6 2. d4 d5 3. Nc3 Nf6 4. Bg5 dxe4 5. Nxe4 Be7 6. Bxf6 gxf6 7. Nf3 f5 8. Nc3 Bf6 9. Qd2 c6 10. a4 Nd7 11. Bc4 Nb6 12. Bb3 Nd5 13. Ne2 Rg8 14. c4 Qb6 15. Ba2 Ne7 16. a5 Qd8 17. O-O Ng6 18. Rad1 Qe7 19. b4 Bd7 20. Rfe1 Nh4 21. Nxh4 Bxh4 22. d5 O-O-O 23. a6 e5 24. axb7+ Kb8 25. d6 Qf6 26. Nc3 f4 27. f3 Bxe1 28. Rxe1 Bf5 29. c5 h5 30. Bc4 h4 31. b5 cxb5 32. Nxb5 h3 33. Bf1 hxg2 34. Bc4 e4 35. Qa5 1-0

[Event "OLNN 2324 TV Fischbek - Schachfreunde HH"]
[Site "?"]
[Date "2023.12.03"]
[Round "3.1"]
[White "Nedic, Dusan"]
[Black "Serrer, Christoph"]
[Result "1/2-1/2"]
[WhiteElo "2328"]
[BlackElo "2272"]
[PlyCount "36"]
[EventDate "2023.??.??"]

1. d4 d5 2. c4 e6 3. g3 Nf6 4. Nf3 Be7 5. Bg2 O-O 6. O-O c6 7. Qc2 b6 8. Bf4 Bb7 9. Rd1 Nbd7 10. Nc3 dxc4 11. Nd2 Nd5 12. Nxc4 Nxf4 13. gxf4 Qc7 14. e3 Rad8 15. Rac1 c5 16. d5 exd5 17. Nxd5 Bxd5 18. Rxd5 b5 1/2-1/2